Osamělost skromného génia - Gregor Johann Mendel. Díl 1, Formativní roky /

Hlavní autor: Klein, Jan, 1936-
Další autoři: Klein, Norman M., 1945-, Klein, Paul, Kubát, Jiří
Jazyk: Čeština
Vydáno: Brno : Moravské zemské muzeum, 2016
Vydání: První vydání
Témata:
Externí odkaz: Digitalizovaný dokument
Fyzický popis: xxi, 397 stran : ilustrace, mapy, portréty, plány ; 24 cm
Knihy
Uloženo v:
LEADER 03066nam a2200745 i 4500
001 nkc20162863989
003 CZ PrNK
005 20180717235016.0
007 ta
008 161215s2016 xr be e 001 0bcze
015 |a cnb002863989 
020 |a 978-80-7028-465-0  |q (vázáno)  |z 978-3-642-35253-9 
035 |a (OCoLC)972611362 
040 |a BOA001  |b cze  |d ABA001  |e rda 
041 1 |a cze  |h eng 
043 |a e-xr--- 
045 |a w2w8 
072 7 |a 575  |x Obecná genetika. Obecná cytogenetika. Evoluce  |2 Konspekt  |9 2 
072 7 |a 929  |x Biografie  |2 Konspekt  |9 8 
080 |a 575-051  |2 MRF 
080 |a 929  |2 MRF 
080 |a 57/59(091)  |2 MRF 
080 |a 575  |2 MRF 
080 |a 316.72/.75  |2 MRF 
080 |a 001:2-1  |2 MRF 
080 |a (437.3)  |2 MRF 
080 |a (092)  |2 MRF 
100 1 |a Klein, Jan,  |d 1936-  |7 jn20000710192  |4 aut 
240 1 0 |a Formative years.  |l Česky 
245 1 0 |a Osamělost skromného génia - Gregor Johann Mendel.  |n Díl 1,  |p Formativní roky /  |c Jan Klein, Norman Klein ; upravil Paul Klein ; z anglického originálu Solitude of a humble genius Gregor Johann Mendel - volume 1, Formative years přeložil Jiří Kubát 
246 3 0 |a Gregor Johann Mendel 
246 3 0 |a Formativní roky 
250 |a První vydání 
264 1 |a Brno :  |b Moravské zemské muzeum,  |c 2016 
300 |a xxi, 397 stran :  |b ilustrace, mapy, portréty, plány ;  |c 24 cm 
336 |a text  |b txt  |2 rdacontent 
337 |a bez média  |b n  |2 rdamedia 
338 |a svazek  |b nc  |2 rdacarrier 
500 |a "Norman Klein je samostatný ilustrátor ... "--Strana vii 
504 |a Obsahuje bibliografické odkazy a rejstřík 
600 1 7 |a Mendel, Johann Gregor,  |d 1822-1884  |7 jk01081221  |2 czenas 
648 4 |a 1822-1884 
648 7 |a 19. století  |7 ch460557  |2 czenas 
650 0 7 |a genetici  |7 ph120480  |z Česko  |y 19. století  |2 czenas 
650 0 7 |a dějiny biologie  |7 ph484317  |z Česko  |y 19. století  |2 czenas 
650 0 7 |a genetika  |7 ph114609  |z Česko  |y 19. století  |2 czenas 
650 0 7 |a kultura a společnost  |7 ph122010  |z Česko  |y 19. století  |2 czenas 
650 0 7 |a věda a víra  |7 ph116677  |2 czenas 
650 0 9 |a geneticists  |z Czechia  |y 19th century  |2 eczenas 
650 0 9 |a history of biology  |z Czechia  |y 19th century  |2 eczenas 
650 0 9 |a genetics  |z Czechia  |y 19th century  |2 eczenas 
650 0 9 |a culture and society  |z Czechia  |y 19th century  |2 eczenas 
650 0 9 |a science and belief  |2 eczenas 
655 7 |a biografie  |7 fd131909  |2 czenas 
655 9 |a biography  |2 eczenas 
700 1 |a Klein, Norman M.,  |d 1945-  |7 mzk2017937780  |4 ill 
700 1 |a Klein, Paul  |4 edt 
700 1 |a Kubát, Jiří  |4 trl 
856 4 1 |u http://www.digitalniknihovna.cz/mzk/uuid/uuid:32624b20-5ffc-11e8-be96-005056827e52  |y Digitalizovaný dokument  |x NDK 
910 2 |a BOA001  |b 2-1380.237,1 
990 |a BK 
995 |a 01 
991 |b 201701  |c NOV 
996 6 |b 2610691651  |c 2-1380.237,1  |l MZK  |r Sklad / do 1 hodiny  |n 5  |p p.v.  |w 001593640  |u 000010  |a 1  |e BOA001  |j MZK50  |s P 
996 7 |b 2610691652  |c 2-1380.237,1  |l Vol.výběr  |r VV 0p  |n 15  |p p.v.  |h 575 KLE  |w 001593640  |u 000020  |a 0  |e BOA001  |j MZK50  |s A